Solo Leveling Character Quiz - Statistics

General Stats
  • This quiz has been taken 252 times
  • The average score is 7 of 15
Answer Stats
Hint Answer % Correct
Main character Sung Jin-woo
96%
First shadow Igris
85%
Ant boy Beru
72%
Love at first smell Cha Hae-in
64%
Loves violence Iron
62%
Big boy Tank
56%
Flame boy Tusk
52%
Strongest one Bellion
42%
Calls Sung bro/boss Yoo Jin-ho
41%
President Go Gun-hee
39%
Dragon Boy Kaisel
35%
Died because of this Greed
32%
Demon girl Esil Radiru
26%
Had for a few seconds Kamish
24%
Sea girl Jima
19%
No matching quizzes found
Score Distribution
Percent of People with Each Score
Percentile by Number Answered
Your Score History
You have not taken this quiz